|
|
|
|
| LEADER |
01595nam a2200421 4500 |
| 001 |
on1120125286 |
| 003 |
OCoLC |
| 005 |
20200326101204.0 |
| 006 |
m o d |
| 007 |
cr cnu---unuuu |
| 008 |
190920s2019 mau o 001 0 eng d |
| 040 |
|
|
|a OPELS
|b eng
|e rda
|e pn
|c OPELS
|d UKMGB
|d OCLCF
|d SFB
|d OCLCQ
|d GrThAP
|
| 015 |
|
|
|a GBB9F3424
|2 bnb
|
| 016 |
7 |
|
|a 019533494
|2 Uk
|
| 019 |
|
|
|a 1125803992
|
| 020 |
|
|
|a 9780128168516
|q (print)
|
| 020 |
|
|
|a 9780128168523
|q (ePub ebook)
|
| 020 |
|
|
|a 0128168528
|
| 035 |
|
|
|a (OCoLC)1120125286
|z (OCoLC)1125803992
|
| 050 |
|
4 |
|a QP551
|
| 082 |
0 |
4 |
|a 572/.6
|2 23
|
| 245 |
0 |
0 |
|a Dancing protein clouds :
|b intrinsically disordered proteins in health and disease.
|n Part A /
|c edited by Vladimir N. Uversky.
|
| 264 |
|
1 |
|a Cambridge, MA :
|b Academic Press, is an imprint of Elsevier,
|c 2019.
|
| 300 |
|
|
|a 1 online resource.
|
| 336 |
|
|
|a text
|b txt
|2 rdacontent
|
| 337 |
|
|
|a computer
|b c
|2 rdamedia
|
| 338 |
|
|
|a online resource
|b cr
|2 rdacarrier
|
| 490 |
1 |
|
|a Progress in molecular biology and translational science ;
|v volume 166
|
| 500 |
|
|
|a Includes index.
|
| 588 |
0 |
|
|a Title details screen.
|
| 504 |
|
|
|a Includes bibliographical references and index.
|
| 650 |
|
0 |
|a Proteins.
|
| 650 |
|
7 |
|a Proteins.
|2 fast
|0 (OCoLC)fst01079711
|
| 655 |
|
4 |
|a Electronic books.
|
| 700 |
1 |
|
|a Uversky, Vladimir N.,
|e editor.
|
| 776 |
0 |
8 |
|i Print version :
|z 9780128168516
|
| 830 |
|
0 |
|a Progress in molecular biology and translational science ;
|v v. 166.
|
| 856 |
4 |
0 |
|3 ScienceDirect
|u https://www.sciencedirect.com/science/bookseries/18771173/166
|z Full Text via HEAL-Link
|